000 01024nas a2200289 4500
001 BR8303176
003 BR-BrBNA
005 20231205085546.0
007 ta
008 230509b bl.|||p| |||| 00| 00por d
040 _aBR-BrBNA
_bpor
_cBiblioteca Nacional de Agricultura
041 _a(Pt)
072 _aK10
100 1 _aPedroso, L.M.
100 1 _aLopes, C.A.C.
111 1 _aSimposio IUFRO em Melhoramento Genetico e Produtividade de Especies Florestais de Rapido Crescimento
_cAguas de Sao Pedro, SP (Brazil)
_d25-30 Aug 1980
245 1 _aEstudo de regeneracao natural com especies tropicais de rapido crescimento na regiao do tropico umido brasileiro [Para]
650 _aFLORESTA TROPICAL UMIDA
650 _aACLIMATACAO
650 _aREGENERACAO
650 _aESTACAO EXPERIMENTAL
650 _aSILVICULTURA
650 _aPARA
773 0 _tSilvicultura (Brazil)
_xISSN 0100-3615
_g(May-Jun 1983), v. 8(30) p. 369-373
_wBR8303176
909 _a202311
_bLúcia
_c55
_dLúcia Elande
942 _2AGRIS
_n0
_cANA
999 _c112228
_d112228